000 00817nam a22002897a 4500
001 BR6003025
003 BR-BrBNA
005 20230928083144.0
007 ta
008 230509b bl.||||| |||| 00| 0 por d
040 _aBR-BrBNA
_bpor
_cBiblioteca Nacional de Agricultura
041 _a(Por)
072 _aK10
_b3240
090 _ 3240 BR6003025
100 1 _aPitcher, J.A.
110 1 _aFAO, Rome (Italy);
110 1 _aInstituto Brasileiro de Desenvolvimento Florestal, Rio de Janeiro, GB
_95746
245 1 _aAreas de producao de sementes para eucaliyptus
260 3 _aRio de Janeiro, GB (Brasil):
_c[nd].
300 _a5 p.
500 _aPublished after 1971
650 _aProducao florestal
650 _aEucalipto
650 _aSemente
909 _a202309
_bLucia
_c55
_dLucia Elande
942 _cBK
999 _c11867
_d11867